Sports Quiz

Random Sports or Basketball Quiz

NBA Top Scorers by Franchise Quiz Stats

 Plays Quiz Updated Sep 6, 2018

Challenge
Share
Tweet
Embed
Score 0/300 Timer 20:00
10 Plays Today
% Correct
Michael Jordan
95.6%
LeBron James
94.7%
Magic Johnson
91.5%
Joe Johnson
91.1%
Larry Bird
91%
Kobe Bryant
90.9%
Kevin Johnson
90.7%
Vinnie Johnson
90.6%
Marques Johnson
90.6%
Eddie Johnson
90.6%
Eddie Johnson
90.6%
Gus Johnson
90.5%
Paul Pierce
89.2%
Scottie Pippen
89.1%
Kevin Garnett
88.6%
Dirk Nowitzki
88.2%
Shaquille O'Neal
88.1%
Shaquille O'Neal
88.1%
Dwyane Wade
87.7%
Stephen Curry
87.1%
Jermaine O'Neal
87.1%
Jerry West
86%
David West
85.7%
Doug West
85.6%
Karl Malone
85.6%
Moses Malone
85.2%
Carmelo Anthony
84.9%
Jeff Malone
84.8%
Tim Duncan
84.5%
Baron Davis
84.4%
Kareem Abdul-Jabbar
84.2%
Kareem Abdul-Jabbar
84.2%
Kawhi Leonard
83%
Russell Westbrook
82.1%
Reggie Miller
82%
Isiah Thomas
81.9%
Allen Iverson
81.4%
Mike Miller
81.3%
Dominique Wilkins
81.1%
Larry Johnson
81.1%
Vince Carter
80.9%
Vince Carter
80.9%
Ray Allen
80.8%
Wilt Chamberlain
80.3%
Kevin Durant
80.1%
Hakeem Olajuwon
80.1%
Jason Kidd
79.7%
David Robinson
79.6%
Patrick Ewing
79.2%
Glenn Robinson
79.1%
Clifford Robinson
79.1%
Steve Nash
78.6%
John Stockton
78.4%
Bill Russell
78.4%
Pau Gasol
77.9%
Chris Paul
77.8%
Tony Parker
77.7%
Campy Russell
77.6%
Randy Smith
77.4%
Bingo Smith
77.4%
Dwight Howard
76.2%
Josh Howard
75.6%
Chris Bosh
75.4%
Deron Williams
75%
Buck Williams
74.8%
Gus Williams
74.8%
Hot Rod Williams
74.7%
Tracy McGrady
73.2%
Rasheed Wallace
72.4%
Gerald Wallace
72.4%
Clyde Drexler
71.7%
Walter Davis
71.7%
Brad Davis
71.7%
Antonio Davis
71.7%
Julius Erving
71.4%
Julius Erving
70.9%
Charles Barkley
69.2%
Gary Payton
68.9%
Kevin McHale
68.9%
Manu Ginobili
67.7%
John Havlicek
65.7%
DeMarcus Cousins
65.6%
Alonzo Mourning
65.1%
Oscar Robertson
65%
Tim Hardaway
65%
Anfernee Hardaway
65%
Mahmoud Abdul-Rauf
64.9%
Sam Jones
64.4%
Eddie Jones
64.2%
LeBron James
62.7%
Robert Parish
62.2%
Joe Dumars
61.4%
Amar'e Stoudemire
61.3%
Yao Ming
61.2%
Bob Cousy
61%
Marc Gasol
60.6%
George Gervin
60%
Shawn Kemp
59.4%
Richard Hamilton
59.2%
Bob Love
59%
% Correct
Brook Lopez
59%
Kevin Love
58.3%
Chet Walker
58.2%
Chet Walker
58.2%
Jonas Valanciunas
57.9%
Alex English
57.6%
James Worthy
57%
Derrick Rose
56.9%
Kemba Walker
56.7%
Chris Mullin
55.9%
Elgin Baylor
55.6%
Anthony Davis
54%
Gilbert Arenas
53.8%
Dell Curry
53.2%
David Thompson
52.5%
Mychal Thompson
52.4%
Richard Jefferson
52.4%
Elton Brand
52.3%
Rick Barry
52.2%
Grant Hill
51.2%
Andrew Wiggins
50.9%
Josh Smith
50.9%
Walt Frazier
50.7%
Bob Pettit
50.4%
Jason Terry
50.4%
DeAndre Jordan
49.5%
Chris Bosh
49.4%
Shawn Marion
49.3%
Willis Reed
48.8%
Mark Price
48.1%
Michael Redd
48.1%
Jrue Holiday
47.9%
Rudy Gay
47.6%
Kyle Lowry
47.5%
Elvin Hayes
45.8%
Elvin Hayes
45.8%
Chris Paul
45.7%
Mike Conley
45.7%
Bill Laimbeer
45.7%
Nick Anderson
45.4%
Pete Maravich
45.3%
Rashard Lewis
45.2%
Freddie Lewis
45.1%
Dale Ellis
45.1%
Antawn Jamison
45%
Peja Stojakovic
44.5%
DeMar DeRozan
44%
Ryan Anderson
44%
Blake Griffin
43.3%
Mitch Richmond
42.9%
Zach Randolph
42.7%
Tayshaun Prince
42%
Kyrie Irving
41.9%
James Harden
41.7%
Allan Houston
41.6%
Zydrunas Ilgauskas
41.6%
Wes Unseld
41.3%
Glen Rice
41%
PJ Brown
40.8%
Eric Gordon
40.7%
Luol Deng
40.4%
Gordon Hayward
40.1%
Shane Battier
40.1%
Rik Smits
39.8%
Adrian Dantley
39.4%
Jose Calderon
39.1%
Jameer Nelson
38.8%
Michael Finley
38.7%
Emeka Okafor
38.1%
Bob McAdoo
37.7%
Udonis Haslem
37.7%
Byron Scott
37.3%
Dennis Scott
37.2%
Jo Jo White
37.2%
Fred Brown
37.2%
Red Kerr
37.1%
Roger Brown
37.1%
LaMarcus Aldridge
36.4%
Earl Monroe
36.4%
Carmelo Anthony
35.5%
Brad Daugherty
35.1%
Derek Harper
35%
Tiny Archibald
33.9%
Terry Porter
33.7%
Glen Rice
33.6%
Dave Cowens
33.4%
Shareef Abdur-Rahim
33.1%
Andre Iguodala
32.7%
Mark Aguirre
32.6%
Peja Stojakovic
32.6%
Kirk Hinrich
32.2%
Andrei Kirilenko
31.7%
Dave Bing
31.5%
Bill Bradley
31.2%
Kevin Willis
31%
Bob Lanier
30.4%
Hal Greer
30.4%
Raymond Felton
29.6%
Maurice Cheeks
29.2%
Larry Nance
29.1%
% Correct
Larry Nance
29.1%
Danny Granger
29.1%
Dolph Schayes
29%
Tyreke Evans
28.9%
Calvin Murphy
28.4%
Gail Goodrich
28.3%
Hedo Turkoglu
28.1%
Artis Gilmore
27.4%
Jerry Lucas
27.4%
Rolando Blackman
27.3%
O.J. Mayo
27.3%
Corey Maggette
27.1%
Dan Issel
26%
Muggsy Bogues
25.9%
Nate Thurmond
25.6%
Andrea Bargnani
25.1%
Derrick Coleman
24.9%
Paul Arizin
24.8%
Darrell Armstrong
24.6%
Dan Majerle
24.1%
Kiki Vandeweghe
23.8%
Mehmet Okur
23.7%
Sidney Moncrief
23.5%
Austin Carr
23.4%
Danny Manning
23.4%
Billy Cunningham
23.4%
Jack Sikma
23.2%
Wally Szczerbiak
23.1%
Sean Elliott
22.9%
Sam Perkins
22.9%
Alvan Adams
22.4%
John Wall
22.2%
Jerry Sloan
22.1%
Klay Thompson
21.8%
Walt Bellamy
21.6%
Morris Peterson
21.4%
Lou Hudson
21.1%
Otis Thorpe
20.8%
David Wesley
19.7%
Terry Cummings
19.7%
Fat Lever
19.3%
Doug Christie
19.3%
Reggie Theus
19%
Nene Hilario
19%
Jim Paxson
18.9%
Rudy Tomjanovich
18.9%
Christian Laettner
18.6%
Bryant Reeves
18.5%
Jamaal Wilkes
18.4%
Kerry Kittles
17.8%
Nikola Vucevic
17.5%
Grant Long
17.1%
John Long
17.1%
Karl-Anthony Towns
16.4%
Rony Seikaly
16.2%
Billy Knight
16%
Jerome Kersey
16%
Sam Mitchell
15.8%
Mike Mitchell
15.8%
Gerald Henderson
15.2%
Bob Dandridge
15%
Paul Westphal
15%
Jack Twyman
14.9%
Chris Morris
13.4%
Xavier McDaniel
12.9%
Isaiah Rider
12.8%
Neil Johnston
12.8%
Darrell Griffith
12.4%
John Drew
12.3%
Mel Daniels
12.3%
James Silas
12.2%
John Williamson
12.1%
Tony Campbell
12%
Cliff Hagan
12%
Damian Lillard
12%
George McGinnis
11.9%
Jeff Mullins
11%
Robert Reid
10.8%
Richie Guerin
10.7%
Dick Van Arsdale
10.3%
Purvis Short
9.8%
Thurl Bailey
9.1%
Ralph Simpson
9%
Dick Barnett
8.8%
Geoff Petrie
8.1%
Loy Vaught
7.8%
Vern Fleming
7.4%
Mike Newlin
7%
Zelmo Beaty
6.9%
Phil Chenier
6.8%
Jay Vincent
6.8%
Sam Lacey
6.7%
Junior Bridgeman
6.6%
Larry Kenon
6.6%
Brian Winters
6.2%
Carl Braun
6.1%
Scott Wedman
5.9%
Ken Norman
5.6%
Byron Beck
5.2%
Kevin Loughery
4.9%

You're not logged in!

Compare scores with friends on all Sporcle quizzes.
Join for Free
OR
Log In

You Might Also Like...

Show Comments

Extras

Top Quizzes Today


Score Distribution

Your Account Isn't Verified!

In order to create a playlist on Sporcle, you need to verify the email address you used during registration. Go to your Sporcle Settings to finish the process.

Report this User

Report this user for behavior that violates our Community Guidelines.

Details: